Paroles - Lucie - Pascal Obispo - Statistiques

Statistiques générales
  • Ce quiz a été pris 687 fois
  • Le résultat moyen est 263 sur 325
Statistiques - réponses
Paroles % Correct
Lucie,
100%
de
99%
De
99%
a
98%
à
98%
A
98%
ce
98%
c'est
97%
C'est
97%
le
97%
Le
97%
au
96%
la
96%
les
96%
pas
96%
dans
94%
vivre
94%
jour
93%
livres
93%
livres,
93%
plus
93%
Que
93%
que
93%
temps
93%
moi,
92%
Est
91%
est
91%
important
91%
l'amour
91%
l'amour...
91%
marqué
91%
ne
91%
On
91%
on
91%
je
90%
Mais
90%
mais
90%
des
89%
sais
88%
sais,
88%
fois
86%
Il
86%
86%
Ou
86%
se
86%
Et
85%
tout
85%
ça
84%
qu'une
84%
y
84%
comme
82%
vit,
82%
vit
82%
déjà
80%
fin
80%
Pour
80%
meurt
78%
en
77%
En
77%
soi
77%
qui
76%
trop
76%
vous
76%
rien,
75%
Sans
75%
toi
75%
vie
75%
autour
74%
savoir
73%
Tu
72%
nous
71%
jamais
70%
pourquoi
69%
soirs
68%
remède
67%
n'ai
65%
S'écroule
65%
toujours
65%
baisser
64%
bras,
64%
faut
64%
Faut
64%
Qu'il
64%
Regarder
64%
tard
64%
devant
63%
mes
63%
parfois
62%
J'ai
56%
j'ai
56%
peine
56%
dépêche
54%
oh
54%
Oh
54%
si
53%
compté
52%
forcer
52%
tour
50%
faire
49%
fort
47%
sentiments
46%
fait
45%
t'arrêtes
45%
erreurs
43%
Même
43%
n'est
43%
coeur
42%
envies
42%
passé
42%
disant
41%
non
41%
non,
41%
choses
40%
d'encore
39%
d'avoir
37%
l'âge
37%
retourner
36%
bien,
35%
bien
35%
dommage
35%
réparer
35%
qu'on
34%
tant
34%
arrière
33%
Revenir
30%
d'amour
29%
refaire
28%
d'histoires
27%
sache
27%
courage
26%
D'assurer
26%
d'autres
25%
pages,
25%
souvenirs,
25%
assez
24%
tourner
24%
garde
23%
t'encombres
23%
Aucun
22%
coup
22%
vaut
22%
regret
21%
Aucun quiz correspondant
Distribution des résultats
% des personnes avec chaque résultat
Percentile par nombre de réponses
Votre historique - résultats
Vous n’avez pas pris ce quiz